000 00891nam a22002297a 4500
005 20170124103158.0
010 _aA-220304
020 _c00.00
035 _aA-220304
037 _bCen Lib/Ret
040 _aDPL
_bHN
082 _a329
_bरामाय
100 _aरामायण, प्रसाद
_990478
245 _aकांग्रेस के 100 वर्ष /
_cप्रसाद रामायण
246 _aCongres ke 100 varsh
_bby Prasad Ramayan
300 _a99पृष्ठ. :
_c21सेमी(सजिल्द)
_bचित्र.
650 _aजीवनियाँ
_990479
650 _aकांग्रेस की कहानी - स्वतंत्र भारत
_990480
650 _aBiographies
_9618
650 _aCongressional story - independent India
_990481
942 _2ddc
_cHN
_h329
_mरामाय
999 _c120449
_d120449